[Event "EU-ch U12 Disney"]
[Site "Paris"]
[Date "1994.??.??"]
[Round "5"]
[White "Mamedov, Chingiz"]
[Black "Aronian, Levon"]
[Result "0-1"]
[WhiteElo "1995"]
[BlackElo "1995"]
[PlyCount "90"]
[EventDate "1994.??.??"]
[EventType "swiss (rapid)"]
[EventRounds "9"]
[EventCountry "FRA"]
[SourceTitle "EXT 2002"]
[Source "ChessBase"]
[SourceDate "2001.11.25"]
[SourceVersion "1"]
[SourceVersionDate "2001.11.25"]
[SourceQuality "1"]

1. e4 c5 2. Nf3 d6 3. d4 cxd4 4. Nxd4 Nf6 5. Nc3 g6 6. Be3 Bg7 7. f3 O-O 8. Qd2
Nc6 9. Bc4 Bd7 10. O-O-O Rc8 11. Bb3 Ne5 12. h4 h5 13. Bh6 Nc4 14. Bxc4 Rxc4
15. Bxg7 Kxg7 16. g4 hxg4 17. h5 Rh8 18. hxg6 fxg6 19. f4 e5 20. fxe5 dxe5 21.
Nb3 Qe8 22. Rxh8 Qxh8 23. Qd3 b5 24. Nd5 Be6 25. Nxf6 Kxf6 26. Qd6 Qh6+ 27. Kb1
Qf4 28. Nc5 Rxc5 29. Qxc5 g3 30. Qf8+ Kg5 31. Qe7+ Qf6 32. Qxf6+ Kxf6 33. Rg1
g5 34. Rxg3 g4 35. Kc1 Kg5 36. Kd2 Kf4 37. Rg1 g3 38. Ke2 Bg4+ 39. Ke1 Bf3 40.
b3 b4 41. Kd2 g2 42. Kd3 Bxe4+ 43. Ke2 Kg3 44. Ke3 Bxc2 45. Rc1 Bf5 0-1

[Event "EU-ch U12 Disney"]
[Site "Paris"]
[Date "1994.??.??"]
[Round "7"]
[White "Aronian, Levon"]
[Black "Sibenik, Matej"]
[Result "1/2-1/2"]
[WhiteElo "1995"]
[BlackElo "1995"]
[PlyCount "24"]
[EventDate "1994.??.??"]
[EventType "swiss (rapid)"]
[EventRounds "9"]
[EventCountry "FRA"]
[SourceTitle "EXT 2002"]
[Source "ChessBase"]
[SourceDate "2001.11.25"]
[SourceVersion "1"]
[SourceVersionDate "2001.11.25"]
[SourceQuality "1"]

1. d4 Nf6 2. Nc3 d5 3. Bg5 c5 4. Bxf6 gxf6 5. e3 cxd4 6. exd4 Nc6 7. Qh5 e6 8.
O-O-O Bd7 9. f4 Bb4 10. Nge2 Qe7 11. f5 O-O-O 12. g3 Na5 1/2-1/2

[Event "Bucharest"]
[Site "Bucharest"]
[Date "1995.??.??"]
[Round "1"]
[White "Khachiyan, Melikset"]
[Black "Aronian, Levon"]
[Result "1/2-1/2"]
[WhiteElo "2400"]
[BlackElo "2330"]
[PlyCount "20"]
[EventDate "1995.??.??"]
[EventType "tourn"]
[EventRounds "13"]
[EventCountry "ROU"]
[EventCategory "6"]
[SourceTitle "EXT 1998"]
[Source "ChessBase"]
[SourceDate "1997.11.17"]
[SourceVersion "1"]
[SourceVersionDate "1997.11.17"]
[SourceQuality "1"]

1. e4 e5 2. Nf3 Nc6 3. d4 exd4 4. Nxd4 Nf6 5. Nc3 Bb4 6. Nxc6 bxc6 7. Bd3 d5 8.
exd5 cxd5 9. O-O O-O 10. Bg5 c6 1/2-1/2

[Event "Bucharest"]
[Site "Bucharest"]
[Date "1995.??.??"]
[Round "3"]
[White "Aronian, Levon"]
[Black "Tomescu, Vlad"]
[Result "1-0"]
[WhiteElo "2330"]
[BlackElo "2395"]
[PlyCount "149"]
[EventDate "1995.??.??"]
[EventType "tourn"]
[EventRounds "13"]
[EventCountry "ROU"]
[EventCategory "6"]
[SourceTitle "EXT 1998"]
[Source "ChessBase"]
[SourceDate "1997.11.17"]
[SourceVersion "1"]
[SourceVersionDate "1997.11.17"]
[SourceQuality "1"]

1. e4 c5 2. Nf3 Nc6 3. d4 cxd4 4. Nxd4 Nf6 5. Nc3 d6 6. Bc4 e6 7. Be3 Be7 8.
Qe2 a6 9. Bb3 Qc7 10. O-O-O Na5 11. g4 b5 12. g5 Nxb3+ 13. axb3 Nd7 14. f4 b4
15. Na4 Bb7 16. Bd2 Nc5 17. f5 e5 18. Nxc5 Qxc5 19. Nf3 a5 20. f6 gxf6 21. gxf6
Bxf6 22. Bg5 Be7 23. Bxe7 Kxe7 24. Nh4 Ra6 25. Nf5+ Kd7 26. Rhf1 Kc7 27. Ng7 a4
28. Rxf7+ Kb8 29. Ne6 Qc6 30. Rd5 Rc8 31. Rb5 Rb6 32. Rxb6 Qxb6 33. bxa4 Qc6
34. Qd3 Ka8 35. b3 Qxe4 36. Nc7+ Ka7 37. Qxd6 Qe1+ 38. Kb2 Qc3+ 39. Kb1 Qe1+
40. Ka2 Qe2 41. Kb2 Qe1 42. Qc5+ Kb8 43. Ka2 Qd2 44. a5 Qd4 45. Qb6 Qe4 46. Kb2
Qd4+ 47. Qxd4 exd4 48. Nb5 d3 49. cxd3 Ba6 50. Rf6 Bxb5 51. Rb6+ Ka7 52. Rxb5
Ka6 53. Rxb4 Kxa5 54. Rb7 h6 55. Re7 Rc6 56. Re5+ Kb4 57. Re4+ Kb5 58. Rc4 Rg6
59. Kc3 Rg1 60. Rh4 Rc1+ 61. Kd4 Rc6 62. Kd5 Rc3 63. d4 Rxb3 64. Rxh6 Ra3 65.
Rh8 Kb6 66. Kd6 Kb5 67. d5 Ra6+ 68. Ke5 Ra2 69. Rb8+ Kc5 70. Rc8+ Kb6 71. h4
Rb2 72. d6 Re2+ 73. Kf6 Rd2 74. Ke7 Re2+ 75. Kd8 1-0

[Event "Bucharest"]
[Site "Bucharest"]
[Date "1995.??.??"]
[Round "4"]
[White "Doroshenko, Maxim"]
[Black "Aronian, Levon"]
[Result "1/2-1/2"]
[WhiteElo "2330"]
[BlackElo "2330"]
[PlyCount "64"]
[EventDate "1995.??.??"]
[EventType "tourn"]
[EventRounds "13"]
[EventCountry "ROU"]
[EventCategory "6"]
[SourceTitle "EXT 1998"]
[Source "ChessBase"]
[SourceDate "1997.11.17"]
[SourceVersion "1"]
[SourceVersionDate "1997.11.17"]
[SourceQuality "1"]

1. d4 Nf6 2. Nf3 g6 3. c4 Bg7 4. Nc3 d5 5. Bg5 Ne4 6. cxd5 Nxg5 7. Nxg5 e6 8.
Nf3 exd5 9. e3 c6 10. Be2 Qe7 11. a3 a5 12. Rc1 O-O 13. Na4 Be6 14. O-O Nd7 15.
Ne1 Bf5 16. Nc5 Nxc5 17. Rxc5 Rfe8 18. Bd3 Qd7 19. Qa4 Bxd3 20. Nxd3 Qc7 21.
Qc2 Qd8 22. b4 axb4 23. axb4 Bf8 24. Rc3 Qb6 25. Rb1 Qb5 26. Nc5 Ra7 27. g3
Rea8 28. Rcb3 Ra1 29. Qd1 R1a2 30. Qd3 Qxd3 31. Nxd3 R8a3 32. Ne5 Bd6 1/2-1/2

[Event "Bucharest"]
[Site "Bucharest"]
[Date "1995.??.??"]
[Round "5"]
[White "Aronian, Levon"]
[Black "Vajda, Albert"]
[Result "1/2-1/2"]
[WhiteElo "2330"]
[BlackElo "2325"]
[PlyCount "161"]
[EventDate "1995.??.??"]
[EventType "tourn"]
[EventRounds "13"]
[EventCountry "ROU"]
[EventCategory "6"]
[SourceTitle "EXT 1998"]
[Source "ChessBase"]
[SourceDate "1997.11.17"]
[SourceVersion "1"]
[SourceVersionDate "1997.11.17"]
[SourceQuality "1"]

1. e4 e5 2. Nf3 Nc6 3. Bb5 a6 4. Bxc6 dxc6 5. Nc3 c5 6. Nxe5 Qg5 7. Nf3 Qxg2 8.
Rg1 Qh3 9. Nd5 Qd7 10. Ne5 Qd8 11. d3 c6 12. Qh5 Be6 13. Nf4 Qf6 14. Nxe6 Qxe6
15. Nc4 b5 16. Na5 Nf6 17. Qh4 c4 18. Bd2 Rd8 19. Rg3 cxd3 20. cxd3 c5 21. Kf1
Be7 22. Re1 c4 23. e5 Nd5 24. Qe4 cxd3 25. Rxg7 Nb6 26. b3 Rd5 27. f4 Qh3+ 28.
Kg1 Bc5+ 29. Kh1 Bf2 30. Rc1 Qh5 31. e6 Qe2 32. exf7+ Kf8 33. Qg2 Rc5 34. Rf1
Bd4 35. Bb4 Qxg2+ 36. Rxg2 Nd5 37. Nb7 Nxb4 38. Nxc5 Bxc5 39. Rd1 Kxf7 40. a3
Nc2 41. Rxd3 Ne1 42. Rd7+ Ke6 43. Rgg7 Rf8 44. Rd1 Bf2 45. Rg1 Rxf4 46. Rf1 Kf5
47. a4 bxa4 48. bxa4 Ke4 49. Rd6 Kf3 50. Re6 Nd3 51. Rxa6 Ke2 52. Rb1 Be1 53.
Re6+ Kf1 54. h3 Rf3 55. Kh2 Rf2+ 56. Kh1 Ra2 57. Rf6+ Nf2+ 58. Kh2 Ra3 59. Rh6
Ne4 60. Rxe1+ Kxe1 61. Rxh7 Ra2+ 62. Kg1 Ke2 63. Rf7 Ke3 64. h4 Rxa4 65. Kg2
Ra8 66. Rg7 Ra2+ 67. Kh3 Nf2+ 68. Kg3 Ne4+ 69. Kh3 Ra1 70. Re7 Kf4 71. Rf7+ Ke5
72. Re7+ Kf5 73. Rf7+ Nf6 74. Rb7 Ra3+ 75. Kg2 Nh5 76. Kf2 Kg4 77. Rb4+ Nf4 78.
h5 Rh3 79. h6 Rxh6 80. Ke3 Re6+ 81. Re4 1/2-1/2

[Event "Bucharest"]
[Site "Bucharest"]
[Date "1995.??.??"]
[Round "6"]
[White "Berechet, Otiliu"]
[Black "Aronian, Levon"]
[Result "0-1"]
[WhiteElo "2415"]
[BlackElo "2330"]
[PlyCount "70"]
[EventDate "1995.??.??"]
[EventType "tourn"]
[EventRounds "13"]
[EventCountry "ROU"]
[EventCategory "6"]
[SourceTitle "EXT 1998"]
[Source "ChessBase"]
[SourceDate "1997.11.17"]
[SourceVersion "1"]
[SourceVersionDate "1997.11.17"]
[SourceQuality "1"]

1. c4 Nf6 2. Nc3 e5 3. Nf3 Nc6 4. g3 d5 5. cxd5 Nxd5 6. Bg2 Nb6 7. O-O Be7 8.
a3 O-O 9. b4 Re8 10. d3 Bf8 11. Ng5 Nd4 12. Be3 c6 13. Nge4 Bg4 14. Re1 Qc7 15.
Rb1 Rad8 16. Qc1 Qb8 17. Nc5 Nd7 18. h3 Bh5 19. g4 Bg6 20. N3e4 Nxc5 21. bxc5
Qc7 22. f4 Bxe4 23. Bxe4 exf4 24. Bxf4 Qa5 25. Rxb7 Bxc5 26. Kh1 Bb6 27. Qc4
Ne6 28. Bxc6 Rd4 29. Bxe8 Rxf4 30. Qxf4 Nxf4 31. Bxf7+ Kf8 32. Rc1 Bc5 33. Bb3
Qd2 34. Rb8+ Ke7 35. Rb7+ Kd6 0-1

[Event "Bucharest"]
[Site "Bucharest"]
[Date "1995.??.??"]
[Round "7"]
[White "Aronian, Levon"]
[Black "Babici, Roman"]
[Result "1-0"]
[WhiteElo "2330"]
[BlackElo "2280"]
[PlyCount "69"]
[EventDate "1995.??.??"]
[EventType "tourn"]
[EventRounds "13"]
[EventCountry "ROU"]
[EventCategory "6"]
[SourceTitle "EXT 1998"]
[Source "ChessBase"]
[SourceDate "1997.11.17"]
[SourceVersion "1"]
[SourceVersionDate "1997.11.17"]
[SourceQuality "1"]

1. d4 e6 2. e4 d5 3. Nc3 dxe4 4. Nxe4 Bd7 5. Nf3 Bc6 6. Bd3 Nd7 7. c4 Ngf6 8.
Nc3 Be7 9. O-O Bxf3 10. Qxf3 c6 11. Re1 O-O 12. b3 Re8 13. Bb2 Qa5 14. Rad1 Ba3
15. Ba1 Rad8 16. Re2 Bb4 17. a3 Bf8 18. Bb2 Qh5 19. Qxh5 Nxh5 20. g3 Nhf6 21.
Red2 Rc8 22. Bf1 Nb6 23. Ne2 Be7 24. Nf4 Nbd7 25. Bg2 b5 26. d5 cxd5 27. cxd5
exd5 28. Nxd5 Nxd5 29. Bxd5 Nb6 30. Bf3 Bg5 31. Rd6 h6 32. h4 Be7 33. R1d2 Kf8
34. Kf1 Rb8 35. Bc6 1-0

[Event "Bucharest"]
[Site "Bucharest"]
[Date "1995.??.??"]
[Round "8"]
[White "Grigore, George Gabriel"]
[Black "Aronian, Levon"]
[Result "1-0"]
[WhiteElo "2445"]
[BlackElo "2330"]
[PlyCount "58"]
[EventDate "1995.??.??"]
[EventType "tourn"]
[EventRounds "13"]
[EventCountry "ROU"]
[EventCategory "6"]
[SourceTitle "EXT 1998"]
[Source "ChessBase"]
[SourceDate "1997.11.17"]
[SourceVersion "1"]
[SourceVersionDate "1997.11.17"]
[SourceQuality "1"]

1. d4 Nf6 2. c4 g6 3. Nc3 d5 4. Bf4 Bg7 5. Nf3 O-O 6. e3 c5 7. dxc5 Qa5 8. Rc1
dxc4 9. Bxc4 Qxc5 10. Bb3 Nc6 11. O-O Qa5 12. h3 Bf5 13. Qe2 Rad8 14. e4 e5 15.
Bd2 Rxd2 16. Nxd2 Be6 17. Bxe6 fxe6 18. Qc4 Kf7 19. Nb3 Qd8 20. Rcd1 Qb8 21.
Nc5 Re8 22. Nb5 Bf8 23. Nd7 Nxd7 24. Rxd7+ Re7 25. Rfd1 Kf6 26. Qb3 a6 27. Nc7
Qc8 28. Qf3+ Kg7 29. Nxe6+ Kg8 1-0

[Event "Bucharest"]
[Site "Bucharest"]
[Date "1995.??.??"]
[Round "9"]
[White "Aronian, Levon"]
[Black "Musat, Adrian"]
[Result "1/2-1/2"]
[WhiteElo "2330"]
[BlackElo "2380"]
[PlyCount "30"]
[EventDate "1995.??.??"]
[EventType "tourn"]
[EventRounds "13"]
[EventCountry "ROU"]
[EventCategory "6"]
[SourceTitle "EXT 1998"]
[Source "ChessBase"]
[SourceDate "1997.11.17"]
[SourceVersion "1"]
[SourceVersionDate "1997.11.17"]
[SourceQuality "1"]

1. d4 Nf6 2. Nc3 d5 3. Bg5 c5 4. Bxf6 gxf6 5. e3 Nc6 6. Qh5 e6 7. O-O-O cxd4 8.
exd4 f5 9. f4 Bd7 10. h3 Qf6 11. Nge2 O-O-O 12. g4 Qg6 13. Qh4 Bd6 14. Bg2 h5
15. g5 Ne7 1/2-1/2

[Event "Bucharest"]
[Site "Bucharest"]
[Date "1995.??.??"]
[Round "10"]
[White "Vajda, Levente"]
[Black "Aronian, Levon"]
[Result "1/2-1/2"]
[WhiteElo "2320"]
[BlackElo "2330"]
[PlyCount "106"]
[EventDate "1995.??.??"]
[EventType "tourn"]
[EventRounds "13"]
[EventCountry "ROU"]
[EventCategory "6"]
[SourceTitle "EXT 1998"]
[Source "ChessBase"]
[SourceDate "1997.11.17"]
[SourceVersion "1"]
[SourceVersionDate "1997.11.17"]
[SourceQuality "1"]

1. e4 c5 2. c3 d6 3. d4 Nf6 4. Bd3 Nc6 5. Nf3 Bg4 6. Be3 cxd4 7. cxd4 d5 8. e5
Nd7 9. Nc3 e6 10. a3 Rc8 11. O-O Be7 12. h3 Bh5 13. Ne2 Bxf3 14. gxf3 O-O 15.
Qb1 f5 16. Nf4 Qe8 17. Kh2 Qf7 18. Rg1 Kh8 19. Bb5 g5 20. Bxc6 bxc6 21. Nd3 f4
22. Bd2 c5 23. dxc5 Nxc5 24. Nxc5 Bxc5 25. Bb4 Bxf2 26. Bxf8 Bxg1+ 27. Qxg1
Rxf8 28. Rc1 Qg7 29. Qd4 h5 30. Qb4 Rg8 31. Qd6 g4 32. fxg4 hxg4 33. Qxe6 g3+
34. Kg1 f3 35. Rc8 f2+ 36. Kg2 Rf8 37. Qf5 Rxc8 38. Qxc8+ Kh7 39. Qe8 Kh6 40.
h4 d4 41. Qc6+ Kh5 42. Qf3+ Kxh4 43. Qf4+ Kh5 44. Qf5+ Qg5 45. Qh7+ Kg4 46.
Qd7+ Kf4 47. Qxd4+ Kf5 48. Qxa7 f1=Q+ 49. Kxf1 Qc1+ 50. Kg2 Qxb2+ 51. Kxg3
Qxe5+ 52. Kf3 Qc3+ 53. Ke2 Qc2+ 1/2-1/2

[Event "Bucharest"]
[Site "Bucharest"]
[Date "1995.??.??"]
[Round "11"]
[White "Aronian, Levon"]
[Black "Dumitran, Octavian"]
[Result "1-0"]
[WhiteElo "2330"]
[BlackElo "2380"]
[PlyCount "71"]
[EventDate "1995.??.??"]
[EventType "tourn"]
[EventRounds "13"]
[EventCountry "ROU"]
[EventCategory "6"]
[SourceTitle "EXT 1998"]
[Source "ChessBase"]
[SourceDate "1997.11.17"]
[SourceVersion "1"]
[SourceVersionDate "1997.11.17"]
[SourceQuality "1"]

1. e4 c5 2. Nc3 e6 3. f4 d5 4. Nf3 Nc6 5. Bb5 Nf6 6. Bxc6+ bxc6 7. d3 Nd7 8.
O-O Bd6 9. e5 Be7 10. Bd2 O-O 11. Be1 c4 12. d4 f6 13. Ne2 a5 14. Bc3 fxe5 15.
fxe5 a4 16. a3 Rb8 17. Qe1 Rf7 18. Qg3 Nf8 19. Nf4 Bd7 20. h4 Be8 21. Qg4 Qc8
22. h5 Rxf4 23. Qxf4 Bxh5 24. Rf2 Qe8 25. Raf1 h6 26. Qe3 Nh7 27. Bb4 Ng5 28.
Nxg5 Bxg5 29. Qe1 Qg6 30. Rf8+ Rxf8 31. Rxf8+ Kh7 32. Bd2 Be7 33. Ra8 Qxc2 34.
Ra7 Bg5 35. Bxg5 hxg5 36. Qc3 1-0

[Event "Bucharest"]
[Site "Bucharest"]
[Date "1995.??.??"]
[Round "12"]
[White "Manolache, Marius"]
[Black "Aronian, Levon"]
[Result "1/2-1/2"]
[WhiteElo "2375"]
[BlackElo "2330"]
[PlyCount "134"]
[EventDate "1995.??.??"]
[EventType "tourn"]
[EventRounds "13"]
[EventCountry "ROU"]
[EventCategory "6"]
[SourceTitle "EXT 1998"]
[Source "ChessBase"]
[SourceDate "1997.11.17"]
[SourceVersion "1"]
[SourceVersionDate "1997.11.17"]
[SourceQuality "1"]

1. d4 Nf6 2. c4 g6 3. Nc3 d5 4. Nf3 Bg7 5. Bg5 Ne4 6. cxd5 Nxg5 7. Nxg5 e6 8.
Qd2 exd5 9. Qe3+ Kf8 10. Qf4 Bf6 11. h4 h6 12. Nf3 Kg7 13. O-O-O Be6 14. e4
dxe4 15. Ne5 Nc6 16. Nxe4 Nb4 17. a3 Nd5 18. Qg3 b6 19. Bc4 c6 20. Rd3 Be7 21.
Rf3 Qc7 22. Kb1 Rac8 23. Rc1 c5 24. Bb5 Nf6 25. Bd3 Nh5 26. Qh2 Rhd8 27. g4 Nf6
28. g5 Nxe4 29. gxh6+ Kh8 30. Bxe4 Rxd4 31. Re1 Bd6 32. Bc2 Rd5 33. Rfe3 Rxe5
34. Rxe5 Bxe5 35. Qxe5+ Qxe5 36. Rxe5 Re8 37. Kc1 Kh7 38. h5 Kxh6 39. hxg6 fxg6
40. Ba4 Re7 41. Bb3 c4 42. Bxc4 Rc7 43. Rxe6 Rxc4+ 44. Kd2 Rd4+ 45. Ke2 Rc4 46.
Kd3 Rf4 47. Ke3 Rc4 48. f4 Kh5 49. Re5+ Kh6 50. Re6 Kh5 51. Re7 Rc2 52. Kf3 Kh6
53. Rxa7 Rxb2 54. Ke4 b5 55. Ra6 Kg7 56. Ke5 b4 57. Ra7+ Kh6 58. a4 Kh5 59. Rb7
b3 60. Kd4 Ra2 61. Rxb3 Rxa4+ 62. Ke3 Kg4 63. Rb6 Ra3+ 64. Ke4 Ra4+ 65. Ke3
Ra3+ 66. Ke4 Ra4+ 67. Ke3 Ra3+ 1/2-1/2

[Event "Bucharest"]
[Site "Bucharest"]
[Date "1995.??.??"]
[Round "13"]
[White "Aronian, Levon"]
[Black "Popescu, Daniel Dorin"]
[Result "1-0"]
[WhiteElo "2330"]
[BlackElo "2420"]
[PlyCount "93"]
[EventDate "1995.??.??"]
[EventType "tourn"]
[EventRounds "13"]
[EventCountry "ROU"]
[EventCategory "6"]
[SourceTitle "EXT 1998"]
[Source "ChessBase"]
[SourceDate "1997.11.17"]
[SourceVersion "1"]
[SourceVersionDate "1997.11.17"]
[SourceQuality "1"]

1. e4 c6 2. d4 d5 3. Nc3 g6 4. e5 h5 5. f4 Nh6 6. Nf3 Bg4 7. Be3 Nf5 8. Bf2 Na6
9. Bxa6 bxa6 10. Qd3 Bxf3 11. Qxf3 e6 12. O-O Be7 13. Na4 O-O 14. b3 Rb8 15. g3
Qa5 16. c3 Kg7 17. h3 Rh8 18. Kh2 Rh7 19. Rh1 Rbh8 20. Qd3 Qb5 21. Qc2 Qb7 22.
Nb2 c5 23. dxc5 d4 24. Kg1 Bxc5 25. Na4 Bb6 26. Nxb6 Qxb6 27. cxd4 Qb7 28. Qd3
Rc8 29. Kh2 Rhh8 30. Rac1 Rhd8 31. Rhd1 Ne7 32. Rc4 Nd5 33. Qf3 Qd7 34. Rdc1
Nb6 35. Rc5 a5 36. a4 Nd5 37. f5 gxf5 38. Qxh5 Rxc5 39. Qg5+ Kf8 40. dxc5 Rb8
41. Qh6+ Kg8 42. c6 Qc7 43. Qg5+ Kh7 44. Rc4 f4 45. gxf4 Rxb3 46. Rc1 Rb2 47.
Rg1 1-0

[Event "Bucharest Dreptatea"]
[Site "Bucharest"]
[Date "1995.??.??"]
[Round "3"]
[White "Iankowski, Roman"]
[Black "Aronian, Levon"]
[Result "0-1"]
[WhiteElo "2230"]
[BlackElo "2330"]
[PlyCount "134"]
[EventDate "1995.??.??"]
[EventType "tourn"]
[EventRounds "13"]
[EventCountry "ROU"]
[EventCategory "5"]
[SourceTitle "EXT 2002"]
[Source "ChessBase"]
[SourceDate "2001.11.25"]
[SourceVersion "1"]
[SourceVersionDate "2001.11.25"]
[SourceQuality "1"]

1. d4 Nf6 2. g3 g6 3. Bg2 d5 4. c4 Bg7 5. Nc3 dxc4 6. Qa4+ Nfd7 7. Nf3 Nc6 8.
Qxc4 Nb6 9. Qc5 Nxd4 10. O-O Ne6 11. Qb4 O-O 12. Rd1 Bxc3 13. Qb3 Bd4 14. e3
Nc5 15. Qb5 Bd7 16. Qb4 Bf6 17. Qxc5 Qc8 18. e4 Rd8 19. e5 Bc6 20. Bf4 Rxd1+
21. Rxd1 Qf5 22. Rc1 Bxf3 23. exf6 Qxc5 24. Rxc5 Bxg2 25. Kxg2 c6 26. fxe7 Re8
27. Ra5 a6 28. Bc7 Nd5 29. Bd6 f6 30. Ra4 Kf7 31. Rh4 h5 32. g4 hxg4 33. Rxg4
Ke6 34. Ba3 Kf5 35. Kf3 b6 36. Re4 a5 37. Bd6 c5 38. h4 Nb4 39. Bc7 b5 40. Bxa5
Nc6 41. Bb6 Nd4+ 42. Rxd4 cxd4 43. Bc5 Ke6 44. Ke4 Rh8 45. Kxd4 Rxh4+ 46. Kd3
Kd7 47. b3 Rh5 48. Bb4 Rf5 49. Ke3 g5 50. f3 Rf4 51. Bd6 Rh4 52. a3 f5 53. Bc5
Rh2 54. Kd4 Re2 55. Kd3 Rb2 56. Kc3 Rb1 57. Kd4 Rxb3 58. Ke5 g4 59. Kf6 Ke8 60.
Kxf5 gxf3 61. Kf4 Rxa3 62. Kg3 Rc3 63. Bb4 Rc4 64. Bd6 b4 65. Kxf3 b3 66. Ba3
Ra4 67. Bb2 Ra2 0-1

[Event "Bucharest Dreptatea"]
[Site "Bucharest"]
[Date "1995.??.??"]
[Round "4"]
[White "Aronian, Levon"]
[Black "Grigore, George Gabriel"]
[Result "1/2-1/2"]
[WhiteElo "2330"]
[BlackElo "2445"]
[PlyCount "82"]
[EventDate "1995.??.??"]
[EventType "tourn"]
[EventRounds "13"]
[EventCountry "ROU"]
[EventCategory "5"]
[SourceTitle "EXT 2002"]
[Source "ChessBase"]
[SourceDate "2001.11.25"]
[SourceVersion "1"]
[SourceVersionDate "2001.11.25"]
[SourceQuality "1"]

1. d4 Nf6 2. Nc3 d5 3. Bg5 Nbd7 4. f3 e6 5. e4 h6 6. Bh4 dxe4 7. fxe4 Bb4 8.
Qd3 c5 9. O-O-O cxd4 10. Qxd4 Qb6 11. Bxf6 gxf6 12. Nb5 Qxd4 13. Rxd4 Bc5 14.
Nd6+ Ke7 15. Nxc8+ Raxc8 16. Rd1 Be3+ 17. Kb1 Nc5 18. Bd3 Rhg8 19. g3 Bxg1 20.
Rhxg1 Rg4 21. Rgf1 h5 22. Be2 Rxe4 23. Bxh5 Rh8 24. Bf3 Re3 25. Rd2 f5 26. Kc1
b6 27. Bc6 Rc8 28. Bb5 Re5 29. Rfd1 Kf6 30. Bf1 Rh8 31. Rg2 Re4 32. Rf2 Rg4 33.
Be2 Rg6 34. Bf3 Rgh6 35. Rdd2 Ke7 36. Rde2 Nd7 37. Bb7 Nf6 38. Rxf5 Rxh2 39.
Rxh2 Rxh2 40. Rf3 Nd7 41. b4 a5 1/2-1/2

[Event "Bucharest Dreptatea"]
[Site "Bucharest"]
[Date "1995.??.??"]
[Round "5"]
[White "Breahna, Radu"]
[Black "Aronian, Levon"]
[Result "1/2-1/2"]
[WhiteElo "2355"]
[BlackElo "2330"]
[PlyCount "160"]
[EventDate "1995.??.??"]
[EventType "tourn"]
[EventRounds "13"]
[EventCountry "ROU"]
[EventCategory "5"]
[SourceTitle "EXT 2002"]
[Source "ChessBase"]
[SourceDate "2001.11.25"]
[SourceVersion "1"]
[SourceVersionDate "2001.11.25"]
[SourceQuality "1"]

1. d4 Nf6 2. c4 g6 3. Nc3 d5 4. Nf3 Bg7 5. Bg5 Ne4 6. cxd5 Nxg5 7. Nxg5 e6 8.
Qd2 exd5 9. Qe3+ Kf8 10. g3 h6 11. Nh3 c5 12. dxc5 d4 13. Qd2 Qe8 14. Nd1 Nd7
15. Nf4 Nxc5 16. Bg2 Be5 17. O-O Kg7 18. Nd5 Qd8 19. Rc1 Na6 20. b3 Re8 21. Nb2
Nc7 22. Nf4 Ne6 23. Nfd3 Bf6 24. Nc4 Ng5 25. Nc5 Qe7 26. Qb4 Bg4 27. h4 Ne6 28.
Nxe6+ Qxe6 29. Qxb7 Rad8 30. f3 Bh3 31. Rc2 g5 32. h5 Rd7 33. Qb5 Rde7 34. g4
Bxg2 35. Kxg2 Qc8 36. Na3 Qd8 37. Rd2 Qd6 38. Nc4 Rxe2+ 39. Rf2 Rxf2+ 40. Rxf2
Qe6 41. Nd6 Rd8 42. Nf5+ Kh8 43. Re2 Qc8 44. Qd3 Qc3 45. Qxc3 dxc3 46. Kf2 Rd1
47. Rc2 Kh7 48. Ke2 Rh1 49. Nd6 Rh2+ 50. Kd3 Rh3 51. Ke3 Be5 52. Nb5 f5 53.
gxf5 g4 54. Ke4 Rh2 55. Rc1 Re2+ 56. Kd3 gxf3 57. Nxc3 Bxc3 58. Rxc3 Rxa2 59.
Ke4 f2 60. Rf3 Kg7 61. Ke5 Re2+ 62. Kd6 Kf6 63. b4 Rb2 64. Kc5 a6 65. Kc4 Ra2
66. Kb3 Re2 67. Kc4 Rd2 68. Kc5 Rb2 69. Kc4 Rc2+ 70. Kd3 Ra2 71. Kd4 Rb2 72.
Kc3 Ra2 73. Kd4 Ra4 74. Kc5 a5 75. b5 Ra2 76. b6 Rb2 77. Kc6 a4 78. b7 Rc2+ 79.
Kd7 Rb2 80. Kc7 Rc2+ 1/2-1/2

[Event "Bucharest Dreptatea"]
[Site "Bucharest"]
[Date "1995.??.??"]
[Round "6"]
[White "Aronian, Levon"]
[Black "Popescu, Daniel Dorin"]
[Result "1/2-1/2"]
[WhiteElo "2330"]
[BlackElo "2425"]
[PlyCount "28"]
[EventDate "1995.??.??"]
[EventType "tourn"]
[EventRounds "13"]
[EventCountry "ROU"]
[EventCategory "5"]
[SourceTitle "EXT 2002"]
[Source "ChessBase"]
[SourceDate "2001.11.25"]
[SourceVersion "1"]
[SourceVersionDate "2001.11.25"]
[SourceQuality "1"]

1. e4 e6 2. d4 d5 3. Nc3 Bb4 4. e5 c5 5. a3 Bxc3+ 6. bxc3 Ne7 7. Qg4 O-O 8. Bd3
Nbc6 9. Nf3 f5 10. exf6 Rxf6 11. Bg5 Rf7 12. Qh5 g6 13. Qh4 Qc7 14. Qg3 Qa5
1/2-1/2

[Event "Bucharest Dreptatea"]
[Site "Bucharest"]
[Date "1995.??.??"]
[Round "7"]
[White "Milu, Romeo Sorin"]
[Black "Aronian, Levon"]
[Result "1-0"]
[WhiteElo "2415"]
[BlackElo "2330"]
[PlyCount "49"]
[EventDate "1995.??.??"]
[EventType "tourn"]
[EventRounds "13"]
[EventCountry "ROU"]
[EventCategory "5"]
[SourceTitle "EXT 2002"]
[Source "ChessBase"]
[SourceDate "2001.11.25"]
[SourceVersion "1"]
[SourceVersionDate "2001.11.25"]
[SourceQuality "1"]

1. e4 c5 2. Nf3 d6 3. d4 cxd4 4. Nxd4 Nf6 5. Nc3 g6 6. g3 Nc6 7. Bg2 Nxd4 8.
Qxd4 Bg7 9. a4 O-O 10. a5 Be6 11. Qb4 Qc7 12. O-O Nd7 13. Bg5 Bxc3 14. bxc3 f6
15. Be3 Rfc8 16. Rfb1 Qxc3 17. Qxc3 Rxc3 18. Rxb7 a6 19. e5 Rac8 20. exd6 exd6
21. Ra7 Nc5 22. Rd1 Ra3 23. h4 d5 24. Bxc5 Rxc5 25. Re1 1-0

[Event "Bucharest Dreptatea"]
[Site "Bucharest"]
[Date "1995.??.??"]
[Round "8"]
[White "Aronian, Levon"]
[Black "Munteanu, Alexandru"]
[Result "1/2-1/2"]
[WhiteElo "2330"]
[BlackElo "2285"]
[PlyCount "37"]
[EventDate "1995.??.??"]
[EventType "tourn"]
[EventRounds "13"]
[EventCountry "ROU"]
[EventCategory "5"]
[SourceTitle "EXT 2002"]
[Source "ChessBase"]
[SourceDate "2001.11.25"]
[SourceVersion "1"]
[SourceVersionDate "2001.11.25"]
[SourceQuality "1"]

1. e4 c5 2. Nf3 Nc6 3. d4 cxd4 4. Nxd4 g6 5. Nc3 Bg7 6. Nb3 Bxc3+ 7. bxc3 Nf6
8. Bd3 d5 9. exd5 Qxd5 10. O-O Bf5 11. c4 Qd6 12. Bg5 Ng4 13. g3 Nge5 14. Bxf5
Qxd1 15. Raxd1 gxf5 16. Kg2 Nxc4 17. Rfe1 Rd8 18. Nd4 N6e5 19. Nxf5 1/2-1/2